[Event "ROM-ch U12 Girls"]
[Site "Eforie Nord"]
[Date "2022.04.17"]
[Round "8"]
[White "Sida, Flavia Maria"]
[Black "Radu, Rebecca Aimee"]
[Result "1-0"]
[WhiteElo "1347"]
[BlackElo "1142"]
[PlyCount "165"]
[EventDate "2022.04.11"]
[EventType "swiss"]
[EventRounds "9"]
[EventCountry "ROU"]
[SourceTitle "EXT 2023"]
[Source "ChessBase"]
[SourceDate "2022.10.05"]
[SourceVersion "1"]
[SourceVersionDate "2022.10.05"]
[SourceQuality "1"]

1. d4 d5 2. c4 e6 3. Nf3 c5 4. cxd5 exd5 5. g3 c4 6. Nc3 Nc6 7. Bg2 Nf6 8. a3 Be7 9. 0-0 0-0 10. h3 Na5 11. Bg5 Nb3 12. Ra2 h6 13. Bf4 Bf5 14. Be5 Ne4 15. Nxe4 Bxe4 16. Bf4 Bf6 17. Ne5 Bxg2 18. Kxg2 Bxe5 19. dxe5 g5 20. Bd2 d4 21. f4 Nxd2 22. Qxd2 f6 23. exf6 Qxf6 24. Raa1 gxf4 25. Rxf4 Qc6+ 26. Kh2 Rxf4 27. gxf4 Qe4 28. Rg1+ Kh7 29. Rg3 Rf8 30. e3 d3 31. Qa5 Qf5 32. Qxa7 d2 33. Qd4 Rf7 34. Qxd2 Rd7 35. Qc3 b5 36. Rg2 Qf7 37. Qc2+ Kh8 38. Qg6 Qxg6 39. Rxg6 Rd2+ 40. Rg2 Rd3 41. Re2 Kg7 42. e4 Kf6 43. e5+ Ke6 44. h4 Rd4 45. Kg3 h5 46. Kf3 Kf5 47. e6 Rxf4+ 48. Kg3 Rg4+ 49. Kh3 Rg8 50. e7 Re8 51. Kg3 Rg8+ 52. Kf3 Re8 53. Rg2 Rxe7 54. Rg5+ Kf6 55. Rxb5 Kg6 56. Rc5 Rf7+ 57. Kg3 Rb7 58. Rxc4 Rxb2 59. a4 Kf5 60. Rc5+ Kg6 61. Rg5+ Kh6 62. Rb5 Rc2 63. Rb3 Rc4 64. Ra3 Rc6 65. a5 Ra6 66. Kf4 Kg6 67. Ke5 Kf7 68. Kf5 Kg7 69. Kg5 Rg6+ 70. Kxh5 Rh6+ 71. Kg4 Rg6+ 72. Kh3 Ra6 73. h5 Kf6 74. Kh4 Kg7 75. Rg3+ Kh7 76. Ra3 Kh6 77. Ra4 Kg7 78. Kg5 Kh7 79. h6 Kg8 80. Kf5 Kf7 81. h7 Ra8 82. a6 Ke7 83. a7 1-0

[Event "ROM-ch U08 Girls"]
[Site "Calimanesti Caciulata"]
[Date "2019.04.21"]
[Round "8.1"]
[White "Badica, Ariana"]
[Black "Radu, Rebecca Aimee"]
[Result "1-0"]
[WhiteElo "1048"]
[BlackElo "1006"]
[PlyCount "91"]
[EventDate "2019.04.15"]
[EventType "swiss"]
[EventRounds "9"]
[EventCountry "ROU"]
[SourceTitle "EXT 2024"]
[Source "ChessBase"]
[SourceDate "2023.10.10"]
[SourceVersion "1"]
[SourceVersionDate "2023.10.10"]
[SourceQuality "1"]

1. e4 c6 2. d4 d5 3. exd5 cxd5 4. Bd3 Nc6 5. c3 Qc7 6. Ne2 Bg4 7. f3 Bd7 8. Bf4 Qb6 9. 0-0 e6 10. Nd2 f6 11. Kh1 e5 12. dxe5 fxe5 13. Bg5 Nf6 14. Ng3 Bc5 15. Re1 Bf2 16. Re2 Bxg3 17. hxg3 Nh5 18. Kh2 0-0 19. Qc2 h6 20. Be3 Qc7 21. Qb3 Qd6 22. Be4 Be6 23. Bb1 d4 24. Qc2 Bf5 25. Qb3+ Kh8 26. Bxf5 dxe3 27. Ne4 Qd3 28. Ree1 Rxf5 29. g4 Rf4 30. gxh5 Rh4+ 31. Kg1 e2 32. Qxb7 Qe3+ 33. Nf2 Rf8 34. Qxc6 e4 35. Qd6 Rf6 36. Qd4 Qf4 37. Nxe4 Qh2+ 38. Kf2 Rf5 39. Qd8+ Kh7 40. Rh1 Qf4 41. Rxh4 e1Q+ 42. Rxe1 Qe5 43. Ng5+ hxg5 44. Rxe5 Rxe5 45. Rc4 Kh6 46. Qh8# 1-0

[Event "ROM-ch U08 Girls"]
[Site "Calimanesti Caciulata"]
[Date "2019.04.19"]
[Round "6.7"]
[White "Radu, Rebecca Aimee"]
[Black "Craita, Miruna Gabriela"]
[Result "1-0"]
[WhiteElo "1006"]
[BlackElo "1001"]
[PlyCount "43"]
[EventDate "2019.04.15"]
[EventType "swiss"]
[EventRounds "9"]
[EventCountry "ROU"]
[SourceTitle "EXT 2024"]
[Source "ChessBase"]
[SourceDate "2023.10.10"]
[SourceVersion "1"]
[SourceVersionDate "2023.10.10"]
[SourceQuality "1"]

1. d4 Nf6 2. Bg5 e5 3. dxe5 Ng4 4. Bxd8 Kxd8 5. e4 Nxe5 6. Nf3 Nxf3+ 7. Qxf3 Nc6 8. Qxf7 Bb4+ 9. Nc3 Rf8 10. Qxg7 Nd4 11. Qxd4 c5 12. Qg7 Rf4 13. Qg5+ Rf6 14. Qxf6+ Kc7 15. 0-0-0 Bxc3 16. Qxc3 d6 17. Qa5+ Kd7 18. Bb5+ Ke6 19. Qd8 a6 20. Rxd6+ Kf7 21. Bc4+ Kg7 22. Qf6# 1-0

[Event "ROM-ch U08 Girls"]
[Site "Calimanesti Caciulata"]
[Date "2019.04.17"]
[Round "3.3"]
[White "Radu, Rebecca Aimee"]
[Black "Leca Andrei, Anastasia"]
[Result "1/2-1/2"]
[WhiteElo "1006"]
[BlackElo "1001"]
[PlyCount "110"]
[EventDate "2019.04.15"]
[EventType "swiss"]
[EventRounds "9"]
[EventCountry "ROU"]
[SourceTitle "EXT 2024"]
[Source "ChessBase"]
[SourceDate "2023.10.10"]
[SourceVersion "1"]
[SourceVersionDate "2023.10.10"]
[SourceQuality "1"]

1. d4 d6 2. e4 Nf6 3. Bg5 Nxe4 4. Bf4 g6 5. Bd3 Nf6 6. Nf3 Bg7 7. Nbd2 0-0 8. c4 Nbd7 9. Qc2 b6 10. 0-0-0 Bb7 11. h3 Rc8 12. g4 Re8 13. g5 Nh5 14. Be3 e5 15. d5 c6 16. Kb1 cxd5 17. Qb3 e4 18. Be2 exf3 19. Bxf3 Qc7 20. Bxh5 dxc4 21. Qc2 Bxh1 22. Rxh1 c3 23. Bxg6 cxd2 24. Qxd2 fxg6 25. h4 Qc6 26. Rg1 Re4 27. h5 Rc4 28. Qd3 Rc2 29. Qb3+ Qc4 30. Qxc4+ R8xc4 31. Ka1 Rxb2 32. h6 Rbb4+ 33. hxg7 Kxg7 34. Rd1 Rh4 35. a3 Rb5 36. Rxd6 Rh1+ 37. Ka2 Ne5 38. Bd4 Rd1 39. Bxe5+ Rxe5 40. Rxd1 Re2+ 41. Kb3 Rxf2 42. Rd7+ Kf8 43. Rxa7 h5 44. Ra8+ Kf7 45. Rb8 h4 46. Rxb6 h3 47. Rxg6 h2 48. Rh6 Rf3+ 49. Ka2 Rf2+ 50. Kb3 Rg2 51. g6+ Rxg6 52. Rxh2 Rb6+ 53. Kc4 Rc6+ 54. Kd5 Ra6 55. Kc5 Rxa3 1/2-1/2